000 00575nam a22002177a 4500
003 UA-OsUOA
001 55453
007 ta
008 20080915b un ||||| |||| 00| 0 ukr d
100 _aШаповал Ю.
090 _a94(477)
_bШ-12
942 _cSA
040 _aUA-OsUOA
_bukr
_cUA-OsUOA
_dUA-OsUOA
245 _aГолод в Україні очима іноземних дипломатів
300 _aС.7
955 _a0
041 _aukr
080 _a94(477)
773 0 _w55452
650 7 _a9 Географія. Біографії. Історія
_2UDC
999 _c341557
_d341557